| 000 | 00000nam##2200000za#4500 |
| 001 | 9.574533 |
| 003 | CaOODSP |
| 005 | 20210624184229 |
| 007 | cr ||||||||||| |
| 008 | 150406|2006||||xxc|||||o f|0| 0 eng|d |
| 040 | |aCaOODSP|beng |
| 043 | |an-cn--- |
| 086 | 1 |aTU3-5/06-33E-PDF |
| 110 | 2 |aTransportation Safety Board of Canada. |
| 245 | 10|aLoss of visual reference – collision with terrain - VIH Helicopters Ltd. Bell 206B (helicopter) C-GWUF, Knight Inlet, British Columbia, 25 October 2006 |h[electronic resource] |
| 260 | |aGatineau - Quebec : |bTransportation Safety Board of Canada |c2008. |
| 300 | |a16p.|bfig., maps, photographs |
| 490 | 1 |aAviation investigation report |vA06P0224 |
| 500 | |a"The Board authorized the release of this report on 11 February 2008" -- p.14. |
| 590 | |a12-33-Supp|b2012-07-18 |
| 775 | 08|tPerte de référence visuelle et collision avec le relief de l'hélicoptère Bell 206B C-GWUF, exploité par VIH Helicopters Ltd. au passage Knight (Colombie-Britannique), le 25 octobre 2006 |w(CaOODSP)9.604277 |
| 830 | #0|aAviation investigation report ;|vA06P0224|w(CaOODSP)9.504825 |
| 856 | 40|ahttp://publications.gc.ca|qPDF|s570 KB|uhttps://publications.gc.ca/collections/collection_2012/bst-tsb/TU3-5-06-33-eng.pdf|yA06P0224 |